Afghan Rumour bazaar : (Record no. 80162)

MARC details
000 -LEADER
fixed length control field 00651nam a22002057a 4500
005 - DATE AND TIME OF LATEST TRANSACTION
control field 20220309125241.0
010 ## - LCCN (DPL NO)
LC control number ENG-108596
020 ## - INTERNATIONAL STANDARD BOOK NUMBER
International Standard Book Number 9789350097151
Terms of availability 399.00
035 ## - SYSTEM CONTROL NUMBER
System control number EN-92129
037 ## - SOURCE OF ACQUISITION
Source of stock number/acquisition DBAD/PUB
082 ## - DEWEY DECIMAL CLASSIFICATION NUMBER
Classification number 958.1047
100 ## - MAIN ENTRY--PERSONAL NAME
Personal name Arbabzadah, Nushin
245 ## - TITLE STATEMENT
Title Afghan Rumour bazaar :
Remainder of title secret sub- cultures, hidden worlds and the everyday life of the absurd /
Statement of responsibility, etc by Nushim Arbabzadah
260 ## - PUBLICATION, DISTRIBUTION, ETC. (IMPRINT)
Place of publication, distribution, etc Gurgaon
Name of publisher, distributor, etc Hachette Book Publishing India
Date of publication, distribution, etc 2013
270 ## - ADDRESS
Address 4th/5th Floors, Corporate Centre, Sector 44
City Gurgaon
Postal code 122003
300 ## - PHYSICAL DESCRIPTION
Extent xvii,242p.
Dimensions 18cm(pbk)
500 ## - GENERAL NOTE
General note Includes index
700 ## - ADDED ENTRY--PERSONAL NAME
Personal name
942 ## - ADDED ENTRY ELEMENTS (KOHA)
Source of classification or shelving scheme Dewey Decimal Classification
Item type English Books
Call number suffix ARB
Holdings
Withdrawn status Lost status Not for loan Collection code Home library Current library Date acquired Source of acquisition Cost, normal purchase price Full call number Barcode Copy number Cost, replacement price Koha item type
      Non-fiction Bawana Bawana 23/10/2013 DBAD/PUB 399.00 958.1047 ARB EN-92129 1 399.00 English Books

© Delhi Public Library
Hit Counter
free hit counter